000 00430nam a2200205Ia 4500
001 11984
003 GE_BSU
008 181216s||||||||xx |||||||||||||| ||und||
020 _a9780099481836
040 _cGE_BSU
080 _a821.111-312.4
100 _aSlaughter,Karin
245 _aTriptych
260 _aLondon
260 _bArrow Books.
260 _c2006.
300 _a545p;18cm.
653 _aTriptych
942 _cBK
999 _c45161
_d45161